| 000 | 01463nam a22003614a 4500 | ||
|---|---|---|---|
| 001 | ebr10052980 | ||
| 003 | CaPaEBR | ||
| 006 | m u | ||
| 007 | cr cn||||||||| | ||
| 008 | 001218s2001 nyua sb 111 0 eng | ||
| 010 | _z 00054582 | ||
| 020 | _z0306465035 | ||
| 040 |
_aCaPaEBR _cCaPaEBR |
||
| 035 | _a(OCoLC)614626614 | ||
| 050 | 1 | 4 |
_aQC793.5.E628 _bC66 2001eb |
| 082 | 0 | 4 |
_a539.7/58 _221 |
| 245 | 0 | 0 |
_aComplete scattering experiments _h[electronic resource] / _cedited by Uwe Becker and Albert Crowe. |
| 260 |
_aNew York : _bKluwer Academic/Plenum Publishers, _cc2001. |
||
| 300 |
_axix, 279 p. : _bill. |
||
| 490 | 1 | _aPhysics of atoms and molecules | |
| 504 | _aIncludes bibliographical references and index. | ||
| 533 |
_aElectronic reproduction. _bPalo Alto, Calif. : _cebrary, _d2013. _nAvailable via World Wide Web. _nAccess may be limited to ebrary affiliated libraries. |
||
| 650 | 0 |
_aElectrons _xScattering _vCongresses. |
|
| 650 | 0 |
_aPhotoionization _vCongresses. |
|
| 655 | 7 |
_aElectronic books. _2local |
|
| 700 | 1 |
_aBecker, Uwe, _d1947- |
|
| 700 | 1 | _aCrowe, Albert. | |
| 700 | 1 |
_aKleinpoppen, H. _q(Hans) |
|
| 710 | 2 | _aebrary, Inc. | |
| 711 | 2 |
_aHans Kleinpoppen Symposium on Complete Scattering Experiments _d(1998 : _cIl Ciocco, Italy) |
|
| 830 | 0 | _aPhysics of atoms and molecules. | |
| 856 | 4 | 0 |
_uhttp://site.ebrary.com/lib/rucke/Doc?id=10052980 _zAn electronic book accessible through the World Wide Web; click to view |
| 999 |
_c169018 _d169018 |
||